Sprievodca investičnými príležitosťami. A rizikami

Kríza a jej neistý odchod menia preferencie a rozhodovanie investorov. Väčšina Slovákov si pri správe svojich úspor vystačí s niektorým z finančných domov. Ako sú rozložené úspery Slovákov. Ako fungujú štátne záruky. Ratingové hodnotenie bánk.

Guardado en:
Detalles Bibliográficos
Autor principal: Makarová, Xénia
Otros Autores: Hambálková, Jana
Formato: Capítulo de libro
Lenguaje:eslovaco
Materias:
Etiquetas: Agregar Etiqueta
Sin Etiquetas, Sea el primero en etiquetar este registro!

MARC

LEADER 00000naa a2200000 4500
001 0136621
005 20231113073332.2
041 0 |a slo 
044 |a SK 
245 1 0 |a Sprievodca investičnými príležitosťami. A rizikami  |c Xénia Makarová, Jana Hambálková 
520 |a Kríza a jej neistý odchod menia preferencie a rozhodovanie investorov. Väčšina Slovákov si pri správe svojich úspor vystačí s niektorým z finančných domov. Ako sú rozložené úspery Slovákov. Ako fungujú štátne záruky. Ratingové hodnotenie bánk. 
610 2 0 |a úspory 
610 2 0 |a úspory obyvateľstva 
610 2 0 |a banky 
610 2 0 |a sporiteľne 
610 2 0 |a záruka 
610 2 0 |a štát 
610 2 0 |a Slovensko 
100 1 |a Makarová, Xénia 
700 1 |a Hambálková, Jana